000
00247nam a22001097a 4500
082
_a
539.7 BUR'N
100
_a
BURCHAM, W.E
_9
59690
245
_a
NUCLEAR PHYSICS AN INTRODUCTION
260
_a
LONDON
_b
LONGMAN
_c
1963
300
_a
739P
942
_c
BK
999
_c
569607
_d
569607